Study on forestation through assisted natural regeneration in phnom sen forestry community angkor chey district kampot province, សិក្សាពីការស្ដារព្រៃឈើឡើងវិញតាមវិធីជម្រុញដំណុះរុក្ខជាតិដោយធម្មជាតិ នៅសហគមន៍ព្រៃឈើភ្នំសែនហាន ស្រុកអង្គរជ័យ ខេត្តកំពត (Record no. 3424)

000 -LEADER
fixed length control field 00833nam a22001577a 4500
003 - CONTROL NUMBER IDENTIFIER
control field OSt
005 - DATE AND TIME OF LATEST TRANSACTION
control field 20151114135158.0
008 - FIXED-LENGTH DATA ELEMENTS--GENERAL INFORMATION
fixed length control field 151114b xxu||||| |||| 00| 0 eng d
040 ## - CATALOGING SOURCE
Transcribing agency RUA
082 ## - DEWEY DECIMAL CLASSIFICATION NUMBER
Classification number FOR YEN 2013 B142 Or.1
100 ## - MAIN ENTRY--PERSONAL NAME
9 (RLIN) 3676
Personal name YEN, VANCHHA.
245 ## - TITLE STATEMENT
Title Study on forestation through assisted natural regeneration in phnom sen forestry community angkor chey district kampot province, សិក្សាពីការស្ដារព្រៃឈើឡើងវិញតាមវិធីជម្រុញដំណុះរុក្ខជាតិដោយធម្មជាតិ នៅសហគមន៍ព្រៃឈើភ្នំសែនហាន ស្រុកអង្គរជ័យ ខេត្តកំពត
260 ## - PUBLICATION, DISTRIBUTION, ETC. (IMPRINT)
Place of publication, distribution, etc. Phnom Penh
Name of publisher, distributor, etc. RUA
Date of publication, distribution, etc. 2013
300 ## - PHYSICAL DESCRIPTION
Extent xii; 40p.
Other physical details ill.
Dimensions 29cm.
942 ## - ADDED ENTRY ELEMENTS (KOHA)
Source of classification or shelving scheme
Koha item type FOR
Holdings
Price effective from Date last seen Permanent Location Not for loan Date acquired Source of classification or shelving scheme Koha item type Lost status Withdrawn status Date last checked out Total Checkouts Shelving location Damaged status Barcode Current Location Full call number
2015-11-142026-05-06Library Block B 2015-11-14 FOR  2026-03-273B142 RUA027124Library Block BFOR YEN 2013 B142 Or.1
2015-11-142015-11-14Library Block B 2015-11-14 FOR    B142 RUA027085Library Block BFOR YEN 2013 B142 Or.2
2015-11-142015-11-14Library Block B 2015-11-14 FOR    B142 RUA027001Library Block BFOR YEN 2013 B142 Or.3
2015-11-142015-11-14Library Block B 2015-11-14 FOR    B142 RUA027463Library Block BFOR YEN 2013 B142 Or.4
2015-11-142015-11-14Library Block B 2015-11-14 FOR    B142 RUA027446Library Block BFOR YEN 2013 B142 Or.5
2015-11-142015-11-14Library Block B 2015-11-14 FOR    B142 RUA027304Library Block BFOR YEN 2013 B142 Or.6
2015-11-142022-11-02Library Block B 2015-11-14 FOR  2022-10-121B142 RUA027002Library Block BFOR YEN 2013 B142 Or.7
2015-11-142015-11-14Library Block B 2015-11-14 FOR    B142 RUA027464Library Block BFOR YEN 2013 B142 Or.8
មជ្ឈមណ្ឌលឯការនៃសាកលវិទ្យាល័យភូមិន្ទកសិកម្មចំការដូង

Powered by Koha